=LDR 00000nam 2200000 4500 =001 INLIS000000000049906 =005 20250102110335 =035 ##$$a 0010-041700000000096 =008 250102###########################0###### =020 ##$$a 978 - 979 - 17856 - 2 - 4 =040 ##$$a NBPDMAT =082 ##$$a 801. 1 =090 ##$$a 801. 1 $b Nur m =100 ##$$a Nurwahidah =245 1#$$a Mari Kita Mulai : Kumpulan Puisi / Nurwahidah ; editor, Mukhlis Muma Leon =260 ##$$a Mataram :$b Pemerintah Kota Mataram,$c 2014 =300 ##$$a vii, 22 hlm. ; $c 21 cm. =440 ##$$a Puisi - - Kumpulan =500 ##$$a Biografi : hlm 22 =650 #4$$a Puisi - Kumpulan =700 #$$a Mukhlis Muma Leon =850 ##$$a NBPDMAT =520 ##$$a Puisi merupakan bagian dari karya sastra, yang mengungkapkan keindahan melalui kreativitas imajinatif sang penulis. Selain itu, puisi juga mengungkapkan fenomena kehidupan sehari-hari yang sarat akan makna dan petuah. Karya sastra termasuk puisi, memiliki peranan yang cukup besar dalam membentuk karakter dan kepribadian seseorang. Sastra menjadi semakin penting, bukan saja karena sastra memiliki kontribusi besar dalam memperhalus budi, memperkaya batin dan dimensi hidup, melainkan juga lantaran telah masuk ke dalam kurikulum pendidikan. Buku yang berisi kumpulan puisi ini menyajikan 21 (dua puluh satu) judul puisi yang terinspirasi dari realitas sisi kehidupan yang dialami oleh penulis selama ini. =990 ##$$a 21604665 =990 ##$$a 21604666 =990 ##$$a 21604667 =990 ##$$a 21604668 =990 ##$$a 21604669